Biocomercio Sostenible : (Registro nro. 6409)
[ vista simple ]
| 000 -CABECERA | |
|---|---|
| Campo de control | 01342nam a2200241 a 4500 |
| 005 - FECHA Y HORA DE LA ULTIMA TRANSACCION | |
| Campo de control | 20180803165352.0 |
| 008 - ELEMENTOS DE LONGITUD FIJA—INFORMACION GENERAL | |
| Campo de control | 140130b2007 ck ||||| |||| 00| 0 spa d |
| 020 ## - ISBN | |
| ISBN | 9789589343043 |
| 041 ## - IDIOMA | |
| Código de idioma para texto/pista de sonido o título separado | Español |
| 044 ## - PAÍS DE PUBLICACIÓN | |
| País de publicación | Colombia |
| 082 ## - NUMERO DE CLASIFICACION DECIMAL DEWEY | |
| Número de clasificación | 333.95 |
| Número del ítem | G63b |
| 090 ## - CLASIFICACIÓN LOCAL | |
| Colección | IAVH |
| Consecutivo | 01126 |
| 100 1# - ASIENTO PRINCIPAL--NOMBRE PERSONAL | |
| Nombre personal | Gómez Díaz, José Antonio |
| 245 10 - MENCION DE TITULO | |
| Título | Biocomercio Sostenible : |
| Parte restante del título | biodiversidad y desarrollo en Colombia |
| 260 ## - PUBLICACION, DISTRIBUCION, ETC. (PIE DE IMPRENTA) | |
| Lugar de publicación, distribución, etc. | Bogotá |
| Nombre del editor, distribuidor, etc. | Instituto Alexander von Humboldt |
| Fecha de publicación, distribución, etc. | 2007 |
| 300 ## - DESCRIPCION FISICA | |
| Extensión | 220 p. |
| Otros detalles físicos | fot. (col) |
| Dimensiones | 29 cm. |
| 520 ## - NOTA DE RESUMEN, ETC. | |
| Nota de resumen | Es una de las obras más completas que institucionalmentese ha producido alrededor del tema del uso sostenible de la biodiversidad. Contiene una descripción de Colombia en términos de biodiversiad para posteriormente adentrarse en los diferentes usos que existen en nuestro país. Incluye información sobre el uso de los recursos del bosque, flores, follajes, artesanías, ecosturismo, el uso de la guadua, mariposas, ranas, e insectos, algunas plantas medicinales, así como peces ornamentales, chigüiros, cocodrilos y frutas. Finalmente menciona los retos que sobre el tema existen para posicionar el tema del biocomercio |
| 650 ## - ASIENTO SECUNDARIO DE MATERIA - TERMINO TEMATICO | |
| Término temático o nombre geográfico como elemento de entrada | Biocomercio sostenible |
| 650 ## - ASIENTO SECUNDARIO DE MATERIA - TERMINO TEMATICO | |
| Término temático o nombre geográfico como elemento de entrada | Biodiversidad |
| 650 ## - ASIENTO SECUNDARIO DE MATERIA - TERMINO TEMATICO | |
| Término temático o nombre geográfico como elemento de entrada | Desarrollo |
| 700 1# - ASIENTO SECUNDARIO - NOMBRE PERSONAL | |
| Nombre personal | Ortega-Pardo, Sergio Camilo |
| 942 ## - ELEMENTOS ADICIONALES (KOHA) | |
| Tipo de ítem | Impreso |
| Sistema de clasificación | Dewey Decimal Classification |
| Koha issues (borrowed), all copies | 8 |
| Withdrawn status | Lost status | Sistema de Clasificación | Damaged status | No para préstamo | Colección | Inventariado | Ubicación Permanente | Ubicación actual | Fecha de adquisición | Fuente de Valor | Valor | Total Checkouts | Número topográfico | Inventario / Código de Barras | Date last seen | Date checked out | Ejemplar | Price effective from | Forma de adquisición | Tipo de material |
|---|---|---|---|---|---|---|---|---|---|---|---|---|---|---|---|---|---|---|---|---|
| Dewey Decimal Classification | Humboldt | Inventariado 2017 | Bogotá | Bogotá | 18/07/2008 | Instituto | 39000.00 | 9 | IAVH-333.95 G63b | 026164 | 12/11/2019 | 18/10/2019 | Ej. 1 | 04/12/2012 | Institucional | Libro | ||||
| Dewey Decimal Classification | Humboldt | Inventariado 2017 | Bogotá | Bogotá | 18/07/2008 | Instituto | 39000.00 | 1 | IAVH-333.95 G63b | 027249 | 22/02/2016 | 22/02/2016 | Ej. 2 | 04/12/2012 | Institucional | Libro | ||||
| Dewey Decimal Classification | Humboldt | Inventariado 2017 | Bogotá | Bogotá | 21/05/2014 | Instituto | 39000.00 | 2 | IAVH-333.95 G63b | 034405 | 21/03/2018 | 16/03/2018 | Ej. 3 | 21/05/2014 | Institucional | Libro | ||||
| Dewey Decimal Classification | Humboldt | Inventariado 2017 | Sala Fabio Quevedo | Sala Fabio Quevedo | 23/07/2014 | Instituto | 39000.00 | IAVH-333.95 G63b | 038166 | 23/07/2014 | Ej. 4 | 23/07/2014 | Institucional | Libro | ||||||
| Dewey Decimal Classification | Humboldt | Inventariado 2017 | Sala Fabio Quevedo | Sala Fabio Quevedo | 29/07/2014 | Instituto | 39000.00 | IAVH-333.95 G63b | 038230 | 29/07/2014 | Ej. 5 | 29/07/2014 | Institucional | Libro | ||||||
| Local | Referencia | Villa de Leyva | Villa de Leyva | 23/09/2008 | IAVH-01126 | 027632 | 04/12/2012 | Ej. 2 | 04/12/2012 | Libro |